Evangelize! : (Record no. 10641)
[ view plain ]
| 000 -LEADER | |
|---|---|
| fixed length control field | 01579nam a2200217 a 4500 |
| 003 - CONTROL NUMBER IDENTIFIER | |
| control field | PILC |
| 005 - DATE AND TIME OF LATEST TRANSACTION | |
| control field | 20241120164655.0 |
| 008 - FIXED-LENGTH DATA ELEMENTS--GENERAL INFORMATION | |
| fixed length control field | 070427s1987 xx 00 eng d |
| 010 ## - LIBRARY OF CONGRESS CONTROL NUMBER | |
| LC control number | Acc#25945 |
| 020 ## - INTERNATIONAL STANDARD BOOK NUMBER | |
| International Standard Book Number | 0936625171 |
| 040 ## - CATALOGING SOURCE | |
| Transcribing agency | Philippine Baptist Theological Seminary |
| 050 ## - LIBRARY OF CONGRESS CALL NUMBER | |
| Classification number | BV 3770 |
| Item number | B275 1987 |
| 100 10 - MAIN ENTRY--PERSONAL NAME | |
| Personal name | Barrett, David B. |
| 245 10 - TITLE STATEMENT | |
| Title | Evangelize! : |
| Remainder of title | a historical survey of the concept / |
| Statement of responsibility, etc. | David B. Barrett. |
| 260 0# - PUBLICATION, DISTRIBUTION, ETC (IMPRINT) | |
| Place of publication, distribution, etc. | Birmingham, AL : |
| Name of publisher, distributor, etc. | New Hope, |
| Date of publication, distribution, etc. | c1987. |
| 300 ## - PHYSICAL DESCRIPTION | |
| Extent | 92 p. ; 28 cm. |
| 440 #0 - SERIES STATEMENT/ADDED ENTRY--TITLE | |
| Title | The AD 2000 Series |
| 505 ## - FORMATTED CONTENTS NOTE | |
| Formatted contents note | 1. Bread, water, and good news-- 2. Origins of the word 'evangelize'-- 3. 'Evangelize' in the Greek New Testament-- 4. Scores of synonyms arise-- 5. 'Evangelize' and the Great Commission-- 6. Early Christian usage, AD 100-1600--7. Later Christian usage, 1600-1870-- 8. The rise and fall of the Watchword, 1870-1914-- 9. 20th-century non-English usage-- 10. 20th-century English biblical usage: The Big Six-- 11. Usages of 'evangelize' from 1914-1935-- 12. A benchmark: The Tambaram survey, 1935-1938-- 13. Usage in the 1940s: The Larger Evangelism-- 14. Usage in the 1950s: Ecumenical theme par excellence-- 15. Secular and religious dictionaries diverge-- 16. Usage in the 1960s: Translation problems intrude-- 17. The 1970s: Getting on the Evangelization bandwagon-- 18. Evangelii nuntiandi: An epochal watershed-- 19. The era of 3-way theological convergence-- 20. The 1980s: 5 massive megatrends-- 21. Summary of historical usages of 'Evangelize'-- 22. Conclusion |
| 650 ## - SUBJECT ADDED ENTRY--TOPICAL TERM | |
| Topical term or geographic name as entry element | EVANGELISTIC WORK |
| 942 ## - ADDED ENTRY ELEMENTS (KOHA) | |
| Koha item type | Circulation Books |
| Source of classification or shelving scheme | Library of Congress Classification |
| Withdrawn status | Lost status | Source of classification or shelving scheme | Damaged status | Not for loan | Home library | Current library | Shelving location | Date acquired | Cost, normal purchase price | Total Checkouts | Full call number | Barcode | Date last seen | Price effective from | Koha item type |
|---|---|---|---|---|---|---|---|---|---|---|---|---|---|---|---|
| Dewey Decimal Classification | PBTS Library | PBTS Library | Circulation Section | 04/27/2007 | 5.95 | BV 3770 B275 1987 | 25945 | 03/18/2026 | 04/02/2015 | Circulation Books |